000 01033nam a2200289Ia 4500
001 ebr10394809
003 CaPaEBR
006 m u
007 cr cn|||||||||
008 100422s2009 sa s 000 0 eng d
020 _z098027298X
020 _z9780980272987
040 _aCaPaEBR
_cCaPaEBR
035 _a(OCoLC)649913147
050 1 4 _aCT1929.V36
_bV3944 2009eb
100 1 _aVan der Walt, Hester.
245 1 0 _aHester se brood
_h[electronic resource].
260 _aCape Town, South Africa :
_bModjaji Books,
_c2009.
300 _a190 p.
533 _aElectronic reproduction.
_bPalo Alto, Calif. :
_cebrary,
_d2010.
_nAvailable via World Wide Web.
_nAccess may be limited to ebrary affiliated libraries.
600 1 0 _aVan der Walt, Hester.
650 0 _aBread.
651 0 _aLittle Karoo (South Africa)
655 7 _aElectronic books.
_2local
710 2 _aebrary, Inc.
856 4 0 _uhttp://site.ebrary.com/lib/rucke/Doc?id=10394809
_zAn electronic book accessible through the World Wide Web; click to view
999 _c88179
_d88179